Āndhra racayitrula samācāra sūcika. (Record no. 85592)
[ view plain ]
| 000 -LEADER | |
|---|---|
| fixed length control field | 00714cam a22002531 4500 |
| 001 - CONTROL NUMBER | |
| control field | sa 68014174 |
| 003 - CONTROL NUMBER IDENTIFIER | |
| control field | DLC |
| 005 - DATE AND TIME OF LATEST TRANSACTION | |
| control field | 20260227112629.0 |
| 008 - FIXED-LENGTH DATA ELEMENTS--GENERAL INFORMATION | |
| fixed length control field | 870625s1968 ii c d 000 0 telx |
| 010 ## - LIBRARY OF CONGRESS CONTROL NUMBER | |
| LC control number | sa 68014174 |
| 020 ## - INTERNATIONAL STANDARD BOOK NUMBER | |
| Terms of availability | 2.50 |
| 025 ## - OVERSEAS ACQUISITION NUMBER | |
| Overseas acquisition number | PL480: I-Te-1881 |
| 035 ## - SYSTEM CONTROL NUMBER | |
| System control number | (OCoLC)17607634 |
| 040 ## - CATALOGING SOURCE | |
| Original cataloging agency | DLC |
| Transcribing agency | NN |
| Modifying agency | DLC |
| 042 ## - AUTHENTICATION CODE | |
| Authentication code | premarc |
| 050 00 - LIBRARY OF CONGRESS CALL NUMBER | |
| Classification number | PL4780.1 |
| Item number | .R28 |
| 100 1# - MAIN ENTRY--PERSONAL NAME | |
| Personal name | Ramalakshmi, K., |
| Dates associated with a name | 1930- |
| 245 10 - TITLE STATEMENT | |
| Title | Āndhra racayitrula samācāra sūcika. |
| Statement of responsibility, etc. | Kūrpu: Ke. Rāmalakṣmi. |
| 260 ## - PUBLICATION, DISTRIBUTION, ETC. | |
| Place of publication, distribution, etc. | Haidarābādu, |
| Name of publisher, distributor, etc. | Āndhrapradēś Sāhityaakāḍami, |
| Date of publication, distribution, etc. | 1968. |
| 300 ## - PHYSICAL DESCRIPTION | |
| Extent | 1 v. (unpaged) |
| Other physical details | ports. |
| Dimensions | 18 cm. |
| 500 ## - GENERAL NOTE | |
| General note | In Telugu. |
| 650 #0 - SUBJECT ADDED ENTRY--TOPICAL TERM | |
| Topical term or geographic name entry element | Women authors. |
| 650 #0 - SUBJECT ADDED ENTRY--TOPICAL TERM | |
| Topical term or geographic name entry element | Authors, Telugu. |
No items available.